| 000 | 00944cam a22003257a 4500 | ||
|---|---|---|---|
| 003 | CHAP | ||
| 005 | 20220329135230.0 | ||
| 008 | 971013s1979 r 00010 d | ||
| 010 | _a33027 | ||
| 011 | _a33999 | ||
| 035 | _a38115 | ||
| 040 | _cCHAP | ||
| 090 | _aFolleto 8972y | ||
| 100 | 0 | 0 |
_aNovack, George. _982001 |
| 245 | 1 | 3 | _aLa teoría marxista de la alienación |
| 260 |
_aBarcelona : _bFontamara, _c1979 |
||
| 300 | _a78 p. | ||
| 490 | 0 |
_aAportes _v; 18 |
|
| 590 |
_aBATCH-UPD _b10 _c20130110 _lUCH01 _h0229 |
||
| 590 |
_aBATCH-UPD _b10 _c20130110 _lUCH01 _h1840 |
||
| 590 |
_aBATCH-UPD _b10 _c20130410 _lUCH01 _h1210 |
||
| 590 |
_aBATCH-UPD _b10 _c20130914 _lUCH01 _h1603 |
||
| 590 |
_aCONVERSION _b10 _c20130109 _lUCH01 _h1319 |
||
| 650 | 1 | 4 |
_aEnajenación social. _936715 |
| 650 | 1 | 4 |
_aMarxismo. _972728 |
| 830 | 0 |
_aAportes _v; 18 _96330 |
|
| 901 | _aBK | ||
| 942 | _cFOLL | ||
| 949 |
_aFolleto 8972y _bBC _cFOLL _d-87178 _eTS1 _i38115 _si |
||
| 999 |
_c33027 _d33027 |
||